[Event "Morava-ch U14"]
[White "Kupka, Alexandr"]
[Black "Knapek, Jan"]
[Site "Bystrice nad Pernstejnem"]
[Round "5"]
[Result "0-1"]
[Date "2024.10.29"]
[WhiteElo "1593"]
[BlackElo "1910"]
[PlyCount "74"]
[EventDate "2024.10.26"]
[EventType "swiss"]
[EventRounds "9"]
[EventCountry "CZE"]
[SourceTitle "CB45_2024"]
[Source "ChessBase"]
[SourceDate "2024.11.06"]
[SourceVersion "1"]
[SourceVersionDate "2024.11.06"]
[SourceQuality "1"]

1. e4 c5 2. c3 d5 3. exd5 Qxd5 4. d4 g6 5. Nf3 Bg7 6. Nbd2 cxd4 7. Bc4 Qd6 8. Qb3 e6 9. Ne4 Qc7 10. Nxd4 Qe5 11. f3 Nf6 12. Bb5+ Nbd7 13. 0-0 0-0 14. Bxd7 Nxd7 15. Nb5 Nc5 16. Qb4 Nd3 17. Qb3 f5 18. Nf2 Nxc1 19. Raxc1 a6 20. Nd4 Qf6 21. Rfe1 Re8 22. f4 Kh8 23. Nd3 b5 24. Nc5 e5 25. Qd5 Bb7 26. Nxb7 exd4 27. Nd6 Rf8 28. Re6 Qd8 29. Re8 Qxe8 30. Nxe8 Rfxe8 31. cxd4 Rad8 32. Qb7 Bxd4+ 33. Kf1 Bxb2 34. Rc7 Rd1+ 35. Kf2 Bd4+ 36. Kg3 Rd3+ 37. Kh4 Bf6# 0-1

[Event "CZE-ch U12"]
[White "Kupka, Alexandr"]
[Black "Krisica, Lukas"]
[Site "Teplice"]
[Round "8"]
[Result "1-0"]
[Date "2023.03.17"]
[WhiteElo "1220"]
[BlackElo "1342"]
[PlyCount "63"]
[EventDate "2023.03.11"]
[EventType "swiss"]
[EventRounds "9"]
[EventCountry "CZE"]
[SourceTitle "CBM 213 Extra"]
[Source "ChessBase"]
[SourceDate "2023.05.31"]
[SourceVersion "1"]
[SourceVersionDate "2023.05.31"]
[SourceQuality "1"]

1. e4 c5 2. c3 e6 3. d4 d5 4. e5 b6 5. Nf3 Qd7 6. a3 Ba6 7. Bxa6 Nxa6 8. b4 c4 9. 0-0 Ne7 10. Re1 Nf5 11. Nbd2 Be7 12. Nf1 0-0 13. Ng3 Nc7 14. Ng5 h6 15. Nf3 Rac8 16. a4 Rfe8 17. Nd2 a6 18. Qf3 b5 19. a5 Rf8 20. Ndf1 Nh4 21. Qg4 Nf5 22. Nh5 g6 23. Nfg3 Nxg3 24. fxg3 g5 25. h4 Kh7 26. Rf1 Qd8 27. Nf6+ Bxf6 28. Rxf6 Ne8 29. Rxh6+ Kg8 30. Bxg5 Qd7 31. Bf6+ Ng7 32. Qxg7# 1-0